000 00983nam a22003491a 4500
999 _c2876
_d2876
001 017266592
003 UkOxU
005 20230908105258.0
008 100326r20102009enk j 000 f eng|d
015 _aGBB047325
_2bnb
016 7 _a015523498
_2Uk
020 _a9781444000054 (pbk.)
020 _a1444000055 (pbk.)
035 _a(Uk)015523498
040 _aStDuBDS
_beng
_cStDuBDS
_dUk
_dKH8
042 _aukblsr
082 0 4 _a823.92 SED
_222
100 1 _aSedgwick, Marcus,
_d1968-2022
_eauthor.
245 1 0 _aRevolver /
_cMarcus Sedgwick.
260 _aLondon :
_bOrion Children's,
_c2010.
300 _a219 p. ;
_c20 cm.
336 _atext
_2rdacontent
337 _aunmediated
_2rdamedia
338 _avolume
_2rdacarrier
500 _aOriginally published: 2009.
650 0 _aFathers
_xDeath
_vFiction.
650 0 _aRevenge
_vFiction.
651 0 _aArctic regions
_vFiction.
655 0 _aThrillers (Fiction)
655 0 _aYoung adult fiction.
942 _2ddc
_cTR